| 000 | 00492nam a2200181 4500 | ||
|---|---|---|---|
| 001 | 24255 | ||
| 005 | 20230411085952.0 | ||
| 008 | 060907n2002 dr spa | ||
| 020 | _a8484912175 | ||
| 035 | _9funglode24431 | ||
| 041 | _aES | ||
| 100 | _aGarrido Romero, Jose M. | ||
| 245 | 1 |
_aInformática en el aula / _cJose M. Garrido Romero |
|
| 260 |
_aMadrid : _bGrupo Editorial Universitario, _c2002 |
||
| 300 | _a168 p. | ||
| 440 | _aColeccion Didáctica | ||
| 942 |
_2lcc _cbk |
||
| 999 |
_c110191 _d110191 |
||